Aerospace Thermal Structures and Materials for a New Era / (Record no. 559924)
[ view plain ]
| 000 -LEADER | |
|---|---|
| fixed length control field | 00508nam a2200145Ia 4500 |
| 008 - FIXED-LENGTH DATA ELEMENTS--GENERAL INFORMATION | |
| fixed length control field | 210428s9999 xx 000 0 und d |
| 020 ## - INTERNATIONAL STANDARD BOOK NUMBER | |
| International Standard Book Number | 1-56347-182-5 |
| 082 ## - DEWEY DECIMAL CLASSIFICATION NUMBER | |
| Classification number | 660.04 A498 A |
| 100 ## - MAIN ENTRY--PERSONAL NAME | |
| Personal name | Earl A.Thornton |
| 9 (RLIN) | 52158 |
| 245 #0 - TITLE STATEMENT | |
| Title | Aerospace Thermal Structures and Materials for a New Era / |
| Statement of responsibility, etc. | Eral A. Thornton |
| 260 ## - PUBLICATION, DISTRIBUTION, ETC. | |
| Name of publisher, distributor, etc. | American Institute of Aeronautics and astronautics |
| Place of publication, distribution, etc. | Washingtton DC |
| Date of publication, distribution, etc. | 1995 |
| 300 ## - PHYSICAL DESCRIPTION | |
| Extent | 413p |
| 440 ## - SERIES STATEMENT/ADDED ENTRY--TITLE | |
| Title | Progress in astronautics and aeronautics V-168 |
| 9 (RLIN) | 127131 |
| 942 ## - ADDED ENTRY ELEMENTS (KOHA) | |
| Koha item type | Book |
| Source of classification or shelving scheme | |
| Withdrawn status | Lost status | Damaged status | Not for loan | Permanent Location | Current Location | Date acquired | Total Checkouts | Full call number | Barcode | Date last seen | Price effective from | Koha item type |
|---|---|---|---|---|---|---|---|---|---|---|---|---|
| School of Chemical & Materials Engineering (SCME) | School of Chemical & Materials Engineering (SCME) | 05/11/7 | 660.04 A498 A | SCME-72 | 04/28/2021 | 04/28/2021 | Book |
